Movies Quiz

Random Movies or Letter Quiz
Score 0/16 Timer 02:00
9 Plays Today
% Correct
Incredible Hulk
98.1%
Indiana Jones
98.1%
IT
96.4%
Invisible Man
95.8%
Iron Man
95.5%
Iron Lady
95.3%
Iron Giant
94.6%
Inspector Gadget
93.8%
% Correct
Ivan the Terrible
93.1%
Informant
92.2%
Illusionist
92.2%
Irishman
91.8%
Indian in Cupboard
91.7%
Igor
88.6%
Isadora
82.1%
Iris
77.8%
Remove Ads.
Support Sporcle.
Get the best of Sporcle when you Go Orange. This ad-free experience offers more features, more stats, and more fun while also helping to support Sporcle. Thank you for becoming a member.

You're not logged in!

Compare scores with friends on all Sporcle quizzes.
OR
Log In

Sporcle TV

Today on Sporcle TV


Watch our educational content, quiz creation guides, and fun videos on Sporcle TV.

Show Comments

Extras

Top Quizzes Today


Score Distribution

Paid Content

Your Account Isn't Verified!

In order to create a playlist on Sporcle, you need to verify the email address you used during registration. Go to your Sporcle Settings to finish the process.

Report this User

Report this user for behavior that violates our Community Guidelines.

Details: